000 00729nam a22001817a 4500
003 UA-OsUOA
001 15299
007 ta
008 20031105b un ||||| |||| 00| 0 ukr d
100 _aШоломіцький В.
942 _cSA
040 _aUA-OsUOA
_cUA-OsUOA
_dUA-OsUOA
245 _a"Відповідальні за здоров'я людства": [Про стан ветиринар. медицини в Рівнен. обл. розповідає начальник упр. ветеренар. медицини в обл. В.Шоломіцький ]
300 _aС.2
955 _a0
773 0 _w0
_tВільне слово
_dРівне
_d2003
_g№62/8 серп./
650 7 _aВетеринарія
_2UDC
999 _c301464
_d301464